SAIA na trhu programovatelných automatů.
Význam programovateľných automatov, ich úlohy a činnosť. Výrobný program švajčiarskej firmy SAIA a analýza jej vývoja od roku 1920. Typy programovateľných automatov vyrábané firmou SAIA, technický popis ich funkcií a možností ich využitia v priemyselných oblastiach.
Na minha lista:
| Formato: | Capítulo de Livro |
|---|---|
| Idioma: | tcheco |
| Assuntos: | |
| Tags: |
Sem tags, seja o primeiro a adicionar uma tag!
|
MARC
| LEADER | 00000naa a2200000 4500 | ||
|---|---|---|---|
| 001 | r004052 | ||
| 005 | 20221125080854.1 | ||
| 041 | 0 | |a cze | |
| 044 | |a [CS] | ||
| 245 | 1 | 0 | |a SAIA na trhu programovatelných automatů. |
| 520 | |a Význam programovateľných automatov, ich úlohy a činnosť. Výrobný program švajčiarskej firmy SAIA a analýza jej vývoja od roku 1920. Typy programovateľných automatov vyrábané firmou SAIA, technický popis ich funkcií a možností ich využitia v priemyselných oblastiach. | ||
| 610 | 2 | 0 | |a programovanie |
| 610 | 2 | 0 | |a programy výrobné |
| 610 | 2 | 0 | |a SAIA |
| 610 | 2 | 0 | |a Švajčiarsko |
| 610 | 2 | 0 | |a firmy |
| 610 | 2 | 0 | |a elektronika |